[Event "3rd Al Ain Chess Classic"]
[Site "Al-Ain UAE"]
[Date "2014.12.23"]
[Round "6.45"]
[White "Gasimov, Parviz"]
[Black "Tagelsir, Abubaker"]
[Result "1-0"]
[WhiteTitle "CM"]
[BlackTitle "FM"]
[WhiteElo "2295"]
[BlackElo "2029"]
[WhiteFideId "13408798"]
[BlackFideId "12200875"]
[EventDate "2014.12.19"]

1. e4 d6 2. d4 Nf6 3. Nc3 g6 4. Bg5 Bg7 5. Qd2 h6 6. Bh4 O-O 7. O-O-O c6 8. f3
b5 9. Kb1 b4 10. Nce2 Qb6 11. g4 a5 12. g5 hxg5 13. Bxg5 a4 14. Nc1 Ra7 15. Bh6
Kh7 16. Bxg7 Kxg7 17. h4 Rh8 18. Nge2 c5 19. dxc5 dxc5 20. Qe3 Na6 21. Nf4 Nh5
22. Nd5 Qa5 23. Bc4 Be6 24. Nd3 Rc8 25. N3f4 Nxf4 26. Qxf4 Bxd5 27. Bxd5 e6 28.
Qe5+ Kg8 29. h5 Qc7 30. Qg5 Qe7 31. Qg4 g5 32. Rdg1 Kh8 33. Bc4 a3 34. Qxg5 Qxg5
35. Rxg5 Nb8 36. Rhg1 Re7 37. e5 Nd7 38. h6 Nb6 39. h7 Nxc4 40. Rg8+ Kxh7 41.
R8g3 1-0

[Event "3rd Al Ain Chess Classic"]
[Site "Al-Ain UAE"]
[Date "2014.12.23"]
[Round "6.46"]
[White "Mirzoeva, Elmira"]
[Black "Hamdan, Marshool"]
[Result "1-0"]
[WhiteTitle "WGM"]
[WhiteElo "2246"]
[BlackElo "1763"]
[WhiteFideId "4127951"]
[BlackFideId "9303804"]
[EventDate "2014.12.19"]

1. d4 d6 2. Nf3 g6 3. c4 Bg7 4. Nc3 Nf6 5. e4 O-O 6. h3 Nbd7 7. Be2 e5 8. d5 Nc5
9. Qc2 a5 10. Be3 Nh5 11. g3 f5 12. O-O-O a4 13. Nd2 Na6 14. exf5 Bxf5 15. Nde4
Nb4 16. Qb1 Nf6 17. Bf3 c6 18. a3 cxd5 19. cxd5 Na6 20. Qd3 Nc5 21. Bxc5 dxc5
22. Kb1 Nxe4 23. Bxe4 Bxe4 24. Nxe4 Qb6 25. d6 Rad8 26. Qd5+ Kh8 27. Rd2 Bh6 28.
Qxe5+ Bg7 29. Qxc5 Qb3 30. Rhd1 Bxb2 31. Qc2 Qxc2+ 32. Rxc2 Bxa3 33. Rd3 Bb4 34.
Rd4 Ba3 35. Rc3 Bxd6 36. Nxd6 Kg7 37. f4 b5 38. Nxb5 Rb8 39. Rc5 a3 40. Ka2 Rfe8
41. Kxa3 Re3+ 42. Rc3 Re2 43. Rb3 g5 44. fxg5 Re5 45. Nd6 Ra8+ 46. Kb2 Ra6 47.
Ne4 Ree6 48. h4 Kg6 49. g4 h5 50. gxh5+ Kxh5 51. Ng3+ Kg6 52. Rd5 Ra7 53. h5+
Kh7 54. Rdb5 Rae7 55. g6+ Kh6 56. Nf5+ Kxh5 57. Nxe7+ Kh4 58. R5b4+ Kg5 59. g7
Re2+ 60. Ka3 Kf6 61. g8=Q Kxe7 62. Qg6 Rf2 63. Rb7+ Kf8 64. Qg7+ 1-0

[Event "3rd Al Ain Chess Classic"]
[Site "Al-Ain UAE"]
[Date "2014.12.23"]
[Round "6.47"]
[White "Derakhshani, Dorsa"]
[Black "Ali Rashid, Ali"]
[Result "1-0"]
[WhiteTitle "WFM"]
[WhiteElo "2188"]
[BlackElo "1799"]
[WhiteFideId "12500330"]
[BlackFideId "9304762"]
[EventDate "2014.12.19"]

1. e4 e6 2. d4 d5 3. e5 c5 4. c3 Nc6 5. Nf3 Qb6 6. a3 c4 7. Nbd2 Na5 8. Rb1 Bd7
9. g3 Ne7 10. h4 Nb3 11. Nxb3 Ba4 12. Nfd2 Nc6 13. Bh3 Na5 14. O-O Nxb3 15. Nf3
O-O-O 16. Ng5 Rd7 17. Qf3 Be7 18. Nxf7 Rf8 19. Qh5 h6 20. Qg6 Rc7 21. Qxe6+ Bd7
22. Qxe7 Rxf7 23. Qxf7 Bxh3 24. Qe8# 1-0

[Event "3rd Al Ain Chess Classic"]
[Site "Al-Ain UAE"]
[Date "2014.12.23"]
[Round "6.48"]
[White "Feldman, Vladimir"]
[Black "Abdulla, Ali"]
[Result "1-0"]
[WhiteTitle "IM"]
[WhiteElo "2168"]
[BlackElo "1747"]
[WhiteFideId "3201791"]
[BlackFideId "9302336"]
[EventDate "2014.12.19"]

1. d4 d5 2. Nf3 Nf6 3. e3 Bf5 4. c4 c6 5. cxd5 cxd5 6. Nc3 e6 7. Ne5 Nfd7 8. g4
Bg6 9. Nxg6 hxg6 10. Bg2 Bd6 11. h3 f5 12. Bd2 Nc6 13. Qe2 Nb6 14. b3 a6 15. Bf3
Qf6 16. O-O-O O-O 17. g5 Qe7 18. h4 Rfc8 19. Kb1 Bb4 20. Rc1 Ba3 21. Rcg1 Bb4
22. h5 Nxd4 23. exd4 Bxc3 24. Bxc3 Rxc3 25. hxg6 Rac8 26. Bxd5 Qd8 1-0

[Event "3rd Al Ain Chess Classic"]
[Site "Al-Ain UAE"]
[Date "2014.12.23"]
[Round "6.49"]
[White "Huseynov, Shahin"]
[Black "Ali, Abdulaziz"]
[Result "1-0"]
[WhiteElo "2162"]
[BlackElo "1718"]
[WhiteFideId "13401106"]
[BlackFideId "9304347"]
[EventDate "2014.12.19"]

1. c4 e6 2. Nc3 Nf6 3. e4 d5 4. e5 d4 5. exf6 dxc3 6. bxc3 Qxf6 7. d4 c5 8. Nf3
Nc6 9. Bg5 Qg6 10. Bd3 f5 11. d5 Ne5 12. Nxe5 Qxg5 13. Qa4+ Ke7 14. O-O g6 15.
d6+ Kf6 16. d7 Kxe5 17. f4+ 1-0

[Event "3rd Al Ain Chess Classic"]
[Site "Al-Ain UAE"]
[Date "2014.12.23"]
[Round "6.50"]
[White "Soyunlu, Narmin"]
[Black "Khalafova, Narmin"]
[Result "1-0"]
[BlackTitle "WFM"]
[WhiteElo "1878"]
[BlackElo "2161"]
[WhiteFideId "13400843"]
[BlackFideId "13402625"]
[EventDate "2014.12.19"]

1. d4 Nf6 2. c4 e6 3. Nc3 d5 4. cxd5 exd5 5. Bg5 Be7 6. e3 c6 7. Bd3 O-O 8. Nge2
Nbd7 9. O-O Re8 10. f3 Nf8 11. Qc2 c5 12. Rad1 cxd4 13. Nxd4 Be6 14. Qb3 N8d7
15. Bxf6 Bxf6 16. Qxb7 Rb8 17. Qxa7 Rxb2 18. Rb1 Rxb1 19. Rxb1 Qc8 20. Ncb5 Be5
21. a4 Bb8 22. Qa5 Ne5 23. Qd2 Qc5 24. a5 Nxd3 25. Qxd3 Bc8 26. Nc3 Qd6 27. f4
Ba6 28. Qf5 Bc4 29. Rb7 Rf8 30. Qd7 Qg6 31. Nf5 Qf6 32. Ne7+ Kh8 33. Nexd5 Bxd5
34. Nxd5 Qa1+ 35. Kf2 h6 36. Qb5 Bd6 37. Qc6 Ba3 38. a6 Bc1 39. a7 Rg8 40. Qc2
Qa5 41. Nc7 Bxe3+ 42. Kxe3 Qe1+ 43. Kf3 Qf1+ 44. Qf2 Qc4 45. Qe2 1-0

[Event "3rd Al Ain Chess Classic"]
[Site "Al-Ain UAE"]
[Date "2014.12.23"]
[Round "6.51"]
[White "Sameir, Ramez"]
[Black "Mohamed, Marshool"]
[Result "1-0"]
[WhiteElo "2128"]
[BlackElo "1518"]
[WhiteFideId "10606017"]
[BlackFideId "9306552"]
[EventDate "2014.12.19"]

1. e4 c5 2. d4 cxd4 3. c3 d3 4. c4 d6 5. Bxd3 Nc6 6. Nc3 g6 7. h3 Bg7 8. Nf3 Nf6
9. O-O O-O 10. Be3 b6 11. Rc1 Bb7 12. b3 Rc8 13. Bb1 Nd7 14. Qd2 Nde5 15. Nd4
Qc7 16. Nd5 Qd7 17. Nb5 f6 18. f4 Nf7 19. e5 fxe5 20. f5 Nd4 21. Nxd4 exd4 22.
fxg6 hxg6 23. Bxd4 Bxd4+ 24. Qxd4 Ne5 25. Nf4 Qc6 26. Nd5 Qd7 27. Rfe1 Rf7 28.
Rc3 Bxd5 29. Qxd5 Kg7 30. Rxe5 Rcf8 31. Bxg6 Rf1+ 32. Kh2 Kxg6 33. Re6+ R8f6 34.
Rg3+ Kh6 35. Qg5+ 1-0

[Event "3rd Al Ain Chess Classic"]
[Site "Al-Ain UAE"]
[Date "2014.12.23"]
[Round "6.52"]
[White "Pujari, Rucha"]
[Black "Atakishiyev, Elmar"]
[Result "1-0"]
[WhiteTitle "WFM"]
[WhiteElo "2109"]
[BlackElo "1648"]
[WhiteFideId "5024528"]
[BlackFideId "13410547"]
[EventDate "2014.12.19"]

1. d4 Nf6 2. c4 c5 3. d5 b5 4. cxb5 a6 5. bxa6 g6 6. Nc3 d6 7. Nf3 Bg7 8. g3
Bxa6 9. Bg2 Nbd7 10. Rb1 O-O 11. O-O Qc7 12. Qc2 Rfb8 13. h3 Bc4 14. Nd2 Ba6 15.
b3 Nb6 16. Re1 c4 17. b4 Nfd7 18. Bb2 Re8 19. a4 Bb7 20. a5 Nc8 21. Nb5 Qb8 22.
Bxg7 Kxg7 23. Qxc4 Rf8 24. Qc3+ Kg8 25. Nd4 Na7 26. b5 Qc8 27. Qxc8 Nxc8 28. a6
Bxa6 29. bxa6 Rxa6 30. Nc6 e6 31. Rb7 Nc5 32. Rb8 Nb6 33. Rxf8+ Kxf8 34. e4 Ra2
35. Rd1 Nba4 36. Nc4 Nc3 37. Re1 Nd3 38. Rf1 Nb5 39. e5 1-0

[Event "3rd Al Ain Chess Classic"]
[Site "Al-Ain UAE"]
[Date "2014.12.23"]
[Round "6.53"]
[White "Safarov, Zirva"]
[Black "Khalifah, Khaled"]
[Result "1-0"]
[WhiteElo "2104"]
[BlackElo "1340"]
[WhiteFideId "13413040"]
[BlackFideId "9312552"]
[EventDate "2014.12.19"]

1. e4 c5 2. f4 Nc6 3. Nf3 d6 4. Bb5 Bg4 5. Nc3 a6 6. Bxc6+ bxc6 7. h3 Bxf3 8.
Qxf3 e6 9. O-O Be7 10. e5 d5 11. f5 Qd7 12. Qg4 Bf8 13. d3 Rb8 14. f6 gxf6 15.
exf6 Rb4 16. Qg3 Qd6 17. Bf4 Qd8 18. Be5 Nh6 19. a3 Rg8 20. Qf2 Rb7 21. Na4 Qa5
22. b3 d4 23. Rae1 Kd7 24. Bf4 Nf5 25. Kh1 h6 26. Nb2 Kc8 27. Nc4 Qb5 28. a4 Qb4
29. Bd2 Qxc4 30. bxc4 Ng3+ 31. Kg1 Nxf1 32. Rxf1 Bd6 33. Bf4 Bf8 34. g4 Rg6 35.
Bg3 Rg8 36. Qf3 Kd7 37. Qe4 Rg6 38. h4 Ra7 39. Kg2 Rb7 40. Kh3 Ra7 41. h5 Rg5
42. Bf4 Bd6 43. Bxg5 hxg5 44. Qh7 1-0

[Event "3rd Al Ain Chess Classic"]
[Site "Al-Ain UAE"]
[Date "2014.12.23"]
[Round "6.54"]
[White "Bunyatov, Rustam"]
[Black "Sultan, Fadel Saeed M Alshamsi"]
[Result "1-0"]
[WhiteTitle "CM"]
[WhiteElo "2077"]
[BlackElo "1247"]
[WhiteFideId "13410210"]
[BlackFideId "9309551"]
[EventDate "2014.12.19"]

1. c4 Nf6 2. g3 e6 3. Bg2 Be7 4. Nf3 O-O 5. O-O d6 6. Nc3 Nc6 7. Rb1 e5 8. d3
Be6 9. b4 Qd7 10. b5 Nd8 11. Ng5 h6 12. Nxe6 fxe6 13. d4 exd4 14. Qxd4 c5 15.
Qd3 Nf7 16. f4 e5 17. Nd5 Bd8 18. fxe5 Nxe5 19. Nxf6+ Rxf6 20. Qd5+ Kh8 21. Rxf6
Bxf6 22. Qxb7 Qxb7 23. Bxb7 Re8 24. Bd5 Nd7 25. Bc6 Re7 26. Bxd7 Rxd7 27. Bb2
Bg5 28. Rd1 Re7 29. Kf1 Rf7+ 30. Ke1 Be7 31. Rd3 Kg8 32. Rf3 Bf6 33. Bxf6 Rxf6
34. Rxf6 gxf6 35. a4 d5 36. cxd5 Kg7 37. a5 c4 38. b6 c3 39. bxa7 c2 40. Kd2 Kg6
41. a8=Q Kg5 42. Qg8+ Kf5 43. Kd3 c1=N+ 44. Ke3 Nb3 45. g4+ Ke5 46. Qe6# 1-0

[Event "3rd Al Ain Chess Classic"]
[Site "Al-Ain UAE"]
[Date "2014.12.23"]
[Round "6.55"]
[White "Ahmad, Alzarovni"]
[Black "Asadli, Vugar"]
[Result "1-0"]
[BlackTitle "CM"]
[WhiteElo "1721"]
[BlackElo "2043"]
[WhiteFideId "9302301"]
[BlackFideId "13405764"]
[EventDate "2014.12.19"]

1. d4 Nf6 2. c4 g6 3. Nc3 Bg7 4. e4 d6 5. Nf3 O-O 6. Be2 e5 7. d5 a5 8. Bg5 h6
9. Bh4 Na6 10. Nd2 Nc5 11. Rb1 Bd7 12. O-O Qe8 13. b3 Nh7 14. Qc2 f5 15. f3 f4
16. a3 g5 17. Bf2 Qg6 18. b4 axb4 19. axb4 Na6 20. c5 Nf6 21. c6 bxc6 22. dxc6
Be6 23. b5 Nc5 24. Bxc5 dxc5 25. Bc4 Bxc4 26. Nxc4 Rfe8 27. b6 Nh7 28. Nd5 1-0

[Event "3rd Al Ain Chess Classic"]
[Site "Al-Ain UAE"]
[Date "2014.12.23"]
[Round "6.56"]
[White "Jasmeher, Singh Kathuria"]
[Black "Amer, Mohammed Bishara"]
[Result "1-0"]
[WhiteElo "1500"]
[BlackElo "1955"]
[WhiteFideId "25092120"]
[BlackFideId "12200719"]
[EventDate "2014.12.19"]

1. e4 c5 2. d4 cxd4 3. c3 dxc3 4. Nxc3 d6 5. Nf3 Nc6 6. Bc4 Nf6 7. O-O e6 8. Qe2
Be7 9. Rd1 e5 10. Be3 O-O 11. Bc5 a6 12. Rac1 Bg4 13. h3 Bxf3 14. Qxf3 Qc7 15.
Be3 Nd4 16. Bxd4 Qxc4 17. Nd5 Qxa2 18. Nxe7+ Kh8 19. Bc3 Qe6 20. Nd5 Nxd5 21.
Rxd5 Rac8 22. Rcd1 Rfd8 23. Bxe5 f6 24. Bxd6 h6 25. Qf5 Qxf5 26. exf5 Re8 27.
Bb4 Kh7 28. Rd7 Re2 29. Bc3 h5 30. Bxf6 Rcc2 31. Rxg7+ Kh6 32. Rg6+ 1-0

[Event "3rd Al Ain Chess Classic"]
[Site "Al-Ain UAE"]
[Date "2014.12.23"]
[Round "6.57"]
[White "Elmejbri, Ali A."]
[Black "Sidharth Balaji Sridharan"]
[Result "1-0"]
[WhiteTitle "FM"]
[WhiteElo "1954"]
[BlackElo "1114"]
[WhiteFideId "9200398"]
[BlackFideId "45002789"]
[EventDate "2014.12.19"]

1. e4 c5 2. Nc3 g6 3. d3 Bg7 4. g3 Nc6 5. Bg2 Nf6 6. Nge2 d6 7. O-O O-O 8. f4 b5
9. Nxb5 Qb6 10. c4 Ng4 11. h3 Bxb2 12. Bxb2 Ne3 13. Qd2 Nxf1 14. Rxf1 Rb8 15.
Ba1 Ba6 16. Nec3 Bxb5 17. cxb5 c4+ 18. Kh2 Na5 19. Nd5 Qd8 20. Qxa5 f6 21. Qxd8
Rfxd8 22. Nxe7+ Kf8 23. Nc6 Rdc8 24. Nxb8 Rxb8 25. dxc4 Ke7 26. e5 dxe5 27. fxe5
fxe5 28. Bxe5 Rc8 29. Bd5 Ke8 30. Rf7 Rd8 31. Rxh7 Rd7 32. Bc6 1-0

[Event "3rd Al Ain Chess Classic"]
[Site "Al-Ain UAE"]
[Date "2014.12.23"]
[Round "6.58"]
[White "Ali, M Alkindi"]
[Black "Abdulkarim, Ali"]
[Result "1-0"]
[WhiteElo "1443"]
[BlackElo "1943"]
[WhiteFideId "9312293"]
[BlackFideId "9301640"]
[EventDate "2014.12.19"]

1. d4 Nf6 2. Bg5 g6 3. Bxf6 exf6 4. e3 Bg7 5. Nf3 O-O 6. Bd3 d5 7. O-O c6 8. Na3
Be6 9. c4 dxc4 10. Bxc4 Nd7 11. Bxe6 fxe6 12. Qb3 Qe7 13. Qxb7 Rab8 14. Qxa7
Rxb2 15. Rfb1 Rfb8 16. Rxb2 Rxb2 17. Nc4 Rb4 18. Na5 Qd6 19. Qa8+ Nb8 20. Nd2
Qc7 21. Rb1 Rxb1+ 22. Nxb1 Qb6 23. Nd2 Bf8 24. Nac4 Qb5 25. a4 Qb4 26. Qa5 Qxa5
27. Nxa5 Bb4 28. Ndb3 Kf7 29. Kf1 e5 30. Ke2 exd4 31. exd4 Ke6 32. Kd3 Kd5 33.
Nc4 Na6 34. Ne3+ Kd6 35. Kc4 h5 36. Nc2 c5 37. Nxb4 cxb4 38. Kb5 Nb8 39. Kxb4 g5
40. Kb5 f5 41. a5 f4 42. a6 Nc6 43. Kb6 g4 44. Na5 Nb4 45. Nc4+ Kd7 46. a7 Nd5+
47. Kb7 Nc7 48. Nb6+ Kd6 49. Nd5 1-0

[Event "3rd Al Ain Chess Classic"]
[Site "Al-Ain UAE"]
[Date "2014.12.23"]
[Round "6.60"]
[White "Aliyev, Elnur"]
[Black "Alur Varun"]
[Result "1-0"]
[WhiteElo "2141"]
[BlackElo "1350"]
[WhiteFideId "13402617"]
[BlackFideId "46649123"]
[EventDate "2014.12.19"]

1. e4 e5 2. Nc3 Nf6 3. Bc4 Bc5 4. d3 h6 5. f4 d6 6. Nf3 Nc6 7. Na4 Bb6 8. Nxb6
axb6 9. O-O Bg4 10. c3 Na5 11. Bb5+ c6 12. Ba4 b5 13. Bc2 c5 14. h3 Bh5 15. g4
Nxg4 16. hxg4 Bxg4 17. Qe1 g6 18. fxe5 Bxf3 19. Rxf3 dxe5 20. Be3 b6 21. Qg3 Qe7
22. Raf1 Ra7 23. Rxf7 Qxf7 24. Qxe5+ Qe7 25. Qb8+ 1-0

[Event "3rd Al Ain Chess Classic"]
[Site "Al-Ain UAE"]
[Date "2014.12.23"]
[Round "6.61"]
[White "Mayed, AlRashedi"]
[Black "Vaishali, R"]
[Result "0-1"]
[WhiteTitle "FM"]
[BlackTitle "WFM"]
[WhiteElo "1908"]
[BlackElo "2134"]
[WhiteFideId "9303871"]
[BlackFideId "5091756"]
[EventDate "2014.12.19"]

1. e4 e5 2. Nf3 d6 3. d4 exd4 4. Nxd4 Nf6 5. Nc3 Be7 6. Be2 O-O 7. Be3 Re8 8.
Qd2 Bf8 9. Bf3 Nbd7 10. Nb3 Nb6 11. Bxb6 axb6 12. O-O g6 13. Rfe1 Bg7 14. Rad1
Ng4 15. h3 Bh6 16. Qd4 Ne5 17. Be2 Bd7 18. a3 Qg5 19. Kh1 Bg7 20. Qd2 Qh4 21.
Rf1 Bxh3 22. gxh3 Qxh3+ 23. Kg1 Nf3+ 24. Bxf3 Be5 25. Rfe1 Bh2+ 26. Kh1 Bf4+ 27.
Kg1 Bxd2 28. Nxd2 Re5 29. Ne2 h5 30. Bg2 Rg5 31. Ng3 Qg4 32. Nf3 Rc5 33. Nh2 Qf4
34. Ne2 Qf6 35. c3 Re8 36. Nd4 Rg5 37. Ndf3 Rb5 38. Rd2 Ra5 39. Rde2 Qf4 40. Re3
Kg7 41. R1e2 f5 42. exf5 Rxe3 43. fxe3 Qxf5 44. Nd4 Qb1+ 45. Kf2 c6 46. Nhf3 Qe4
47. Rd2 Ra8 48. Nc2 d5 49. Ncd4 Re8 50. Nc2 Rf8 51. Ne1 g5 52. Ke2 g4 53. Nd4
Qe7 54. Nd3 h4 0-1

[Event "3rd Al Ain Chess Classic"]
[Site "Al-Ain UAE"]
[Date "2014.12.23"]
[Round "6.62"]
[White "Al-Zaruoni, Fahad"]
[Black "Derakhshani, Borna"]
[Result "0-1"]
[WhiteTitle "CM"]
[BlackTitle "CM"]
[WhiteElo "1654"]
[BlackElo "1979"]
[WhiteFideId "9300660"]
[BlackFideId "12518450"]
[EventDate "2014.12.19"]

1. c4 Nf6 2. Nf3 e6 3. d4 d5 4. g3 dxc4 5. Qa4+ Bd7 6. Qxc4 Bc6 7. Bg2 Bd5 8.
Qa4+ Nc6 9. Nc3 Bb4 10. O-O O-O 11. Bg5 h6 12. Nxd5 exd5 13. Bxf6 Qxf6 14. Qb5
a5 15. e3 Ne7 16. a3 Bd6 17. Qd3 a4 18. b4 axb3 19. Qxb3 b6 20. Rfc1 Qe6 21. a4
Ra5 22. Nd2 Rfa8 23. Nb1 b5 24. Nc3 c6 25. Ra2 b4 26. Nd1 Qd7 27. Nb2 Qa7 28.
Rca1 Qa6 29. Nd3 Qc4 30. Nc1 Qc3 31. Qd1 b3 32. Qxb3 Qe1+ 33. Bf1 Rb8 34. Qc2
Qb4 35. Nd3 Qc4 36. Qd2 Qa6 37. Qc2 Qa7 38. Nc1 Qb6 39. Bd3 c5 40. dxc5 Rxc5 41.
Qd2 Qc7 42. Bb5 Ng6 43. Nb3 Ne5 44. Kg2 Rc3 45. Qxd5 Ng4 46. Nd4 Rc5 47. Qf3 Ne5
48. Qe2 Qb7+ 49. Kg1 Rd5 50. f4 Rxd4 51. exd4 Nf3+ 52. Kf2 Nxd4 53. Qe3 Bc5 54.
Rc1 Ba7 55. Kf1 Nxb5 56. Qd3 Qh1+ 57. Ke2 Re8+ 58. Kd2 Qxh2+ 59. Kd1 Qxa2 60.
axb5 Bf2 61. Qc2 Qd5+ 62. Qd2 Qxd2+ 0-1

[Event "3rd Al Ain Chess Classic"]
[Site "Al-Ain UAE"]
[Date "2014.12.23"]
[Round "6.63"]
[White "Talibov, Uzeyir"]
[Black "Rafee, Mohd Hayel"]
[Result "0-1"]
[WhiteElo "1577"]
[BlackElo "1931"]
[WhiteFideId "13414011"]
[BlackFideId "7603126"]
[EventDate "2014.12.19"]

1. d4 Nf6 2. c4 e6 3. Nc3 Bb4 4. Bg5 h6 5. Bh4 O-O 6. Nf3 d5 7. cxd5 exd5 8. e3
Qd6 9. Bd3 Bg4 10. O-O c6 11. Bg3 Qe7 12. Na4 Nbd7 13. Be2 Ne4 14. Bh4 g5 15.
Bg3 Bxf3 16. Bxf3 Nd2 17. Re1 Nxf3+ 18. Qxf3 Bxe1 19. Rxe1 Qb4 20. Qd1 b5 21.
Nc5 Nxc5 22. Bd6 Rfe8 23. Bxc5 Qxb2 24. Qh5 Re6 25. Rf1 Qxa2 26. f4 Qd2 27. fxg5
Qxe3+ 28. Kh1 Rg6 29. gxh6 Qxh6 30. Qf5 Qg7 31. Qf2 a5 32. Qb2 Re8 33. Bd6 Rxd6
34. Qf2 Rde6 35. h3 Re2 36. Qg1 Rd2 0-1

[Event "3rd Al Ain Chess Classic"]
[Site "Al-Ain UAE"]
[Date "2014.12.23"]
[Round "6.65"]
[White "Al Amoudy, Saif"]
[Black "Almajbari, Abdalla Ali"]
[Result "1-0"]
[WhiteElo "1421"]
[BlackElo "1942"]
[WhiteFideId "9308610"]
[BlackFideId "9205314"]
[EventDate "2014.12.19"]

1. d4 f5 2. Nf3 Nf6 3. g3 e6 4. Bg2 d5 5. O-O Be7 6. b3 O-O 7. Bb2 Nc6 8. c4
dxc4 9. bxc4 b6 10. Ne5 Nxe5 11. dxe5 Ne4 12. Nc3 Bb7 13. Nxe4 fxe4 14. Qc2 Bc5
15. Bxe4 Bxe4 16. Qxe4 Rf7 17. Qd3 Qxd3 18. exd3 Rd8 19. d4 Bxd4 20. Bxd4 Rxd4
21. Rfc1 Rg4 22. Kf1 Re4 23. c5 Rxe5 24. cxb6 axb6 25. Rc2 Rd5 26. Rac1 c5 27.
Rb1 Rd6 28. Rcb2 Rb7 29. Rc1 Kf7 30. Rxc5 bxc5 31. Rxb7+ Kf6 32. Rb1 h5 33. Rc1
Rc6 34. a4 Ke7 35. Kg2 Kd6 36. f4 Ra6 37. Ra1 c4 38. Kf2 Kc5 39. Ke3 Kb4 40. Kd4
Kb3 41. Rb1+ Kc2 42. Rb4 c3 43. Ke3 Rd6 44. a5 Kc1 45. Rc4 c2 46. Ke2 Rd2+ 47.
Ke3 Rd1 48. a6 Kb2 49. a7 Rd8 50. Rb4+ Kc1 51. Rb8 Rxb8 52. axb8=Q Kd1 53. Qd6+
Ke1 54. Qd2+ 1-0

[Event "3rd Al Ain Chess Classic"]
[Site "Al-Ain UAE"]
[Date "2014.12.23"]
[Round "6.66"]
[White "Orujova, Najiba"]
[Black "Ahmed Mohamed Qayed"]
[Result "1-0"]
[WhiteElo "1332"]
[BlackElo "1551"]
[WhiteFideId "13415913"]
[BlackFideId "9314261"]
[EventDate "2014.12.19"]

1. d4 Nf6 2. c4 e6 3. Nc3 Bb4 4. Bg5 h6 5. Bxf6 Qxf6 6. e3 b6 7. Nf3 Bb7 8. Be2
Nc6 9. O-O O-O-O 10. Ne4 Qe7 11. a3 d5 12. cxd5 exd5 13. Ng3 Bd6 14. Nf5 Qf6 15.
Nxd6+ Rxd6 16. Rc1 g5 17. Qc2 Rd7 18. Bb5 Rd6 19. Ne5 1-0

[Event "3rd Al Ain Chess Classic"]
[Site "Al-Ain UAE"]
[Date "2014.12.23"]
[Round "6.67"]
[White "Alali, Ali"]
[Black "Amini, Hossein Ali"]
[Result "0-1"]
[WhiteElo "1230"]
[BlackElo "1521"]
[WhiteFideId "9309063"]
[BlackFideId "11201584"]
[EventDate "2014.12.19"]

1. e4 c5 2. Nf3 Nc6 3. d4 cxd4 4. Nxd4 g6 5. Nc3 Bg7 6. Be3 Nf6 7. Be2 a6 8. f3
Nxd4 9. Bxd4 d6 10. O-O O-O 11. f4 b5 12. a3 Bb7 13. Bd3 Qc8 14. e5 dxe5 15.
Bxe5 Ng4 16. Bxg7 Qc5+ 17. Kh1 Qh5 18. h3 Qxh3+ 19. Kg1 Qxg2# 0-1

[Event "3rd Al Ain Chess Classic"]
[Site "Al-Ain UAE"]
[Date "2014.12.23"]
[Round "6.69"]
[White "Ammar, Sedrani"]
[Black "Haitham, Alkindi"]
[Result "1-0"]
[WhiteElo "1485"]
[BlackElo "1402"]
[WhiteFideId "9312331"]
[BlackFideId "9312455"]
[EventDate "2014.12.19"]

1. d4 g6 2. c4 Bg7 3. e4 d6 4. Nc3 e6 5. Nge2 Ne7 6. Ng3 O-O 7. Be2 c5 8. d5
exd5 9. cxd5 Nd7 10. h4 h5 11. Bg5 Ne5 12. f4 Ng4 13. f5 Be5 14. Nxh5 f6 15.
Bxg4 gxh5 16. Bh6 Bg3+ 17. Kf1 Kh7 18. Bxf8 Qxf8 19. Bxh5 Qh6 20. Bf3 b6 21. Rh3
Ba6+ 22. Ne2 Rg8 23. Qa4 Qe3 24. Rxg3 Bxe2+ 25. Bxe2 Qxg3 26. Bf3 Qxh4 27. Ke2
Nxf5 28. Qd7+ Ng7 29. Qf7 Qg5 30. Rh1+ Qh6 31. Rxh6+ Kxh6 32. Qxf6+ Kh7 33. Bg4
Re8 34. Be6 c4 35. g4 b5 36. g5 a5 37. Qh6# 1-0

[Event "3rd Al Ain Chess Classic"]
[Site "Al-Ain UAE"]
[Date "2014.12.23"]
[Round "6.71"]
[White "Al- Meghbali, Ahmed"]
[Black "Al Shamisi, Hareb Nasser"]
[Result "0-1"]
[WhiteElo "1448"]
[BlackElo "1389"]
[WhiteFideId "9306943"]
[BlackFideId "9308067"]
[EventDate "2014.12.19"]

1. d4 Nf6 2. c4 e6 3. Nc3 Bb4 4. Qc2 O-O 5. e4 d5 6. cxd5 exd5 7. e5 Ne4 8. Bd3
f5 9. exf6 Nxf6 10. Ne2 Ng4 11. Bxh7+ Kh8 12. Bf4 Qh4 13. Rf1 Qxh7 14. Qxh7+
Kxh7 15. Bxc7 Nc6 16. O-O-O Nxf2 17. Rd2 Nd3+ 0-1

[Event "3rd Al Ain Chess Classic"]
[Site "Al-Ain UAE"]
[Date "2014.12.23"]
[Round "6.72"]
[White "ALTaher, Saeed Tarek"]
[Black "Singh Gurmeher"]
[Result "1/2-1/2"]
[WhiteElo "1437"]
[BlackElo "1243"]
[WhiteFideId "9304045"]
[BlackFideId "25089455"]
[EventDate "2014.12.19"]

1. d4 d5 2. Nf3 e6 3. g3 f5 4. Bg2 Nf6 5. O-O c6 6. b3 Bd6 7. Bb2 O-O 8. c4 Ne4
9. Ne5 Nd7 10. f3 Nef6 11. Nd2 Qc7 12. cxd5 exd5 13. Nxd7 Bxd7 14. e4 Be7 15.
Rc1 Qb6 16. Kh1 fxe4 17. fxe4 Ng4 18. Qe2 Bg5 19. exd5 Rae8 20. Rxf8+ Rxf8 21.
Rf1 Rxf1+ 22. Nxf1 Nf6 23. dxc6 Bxc6 24. Qe6+ Kh8 25. Bxc6 bxc6 26. Qf5 Qa6 27.
d5 cxd5 28. h4 Bh6 29. Bxf6 gxf6 30. Kg1 Qb6+ 31. Kh2 Qa6 32. Qf3 Qxa2+ 33. Kg1
Qa6 34. Qxd5 Qb6+ 35. Kg2 Kg7 36. h5 Qc7 37. Qe4 Qd7 1/2-1/2

[Event "3rd Al Ain Chess Classic"]
[Site "Al-Ain UAE"]
[Date "2014.12.23"]
[Round "6.73"]
[White "Alnyeyadi, Abdulla"]
[Black "Al Ali, Hamad"]
[Result "1-0"]
[WhiteElo "1423"]
[BlackElo "1219"]
[WhiteFideId "9308393"]
[BlackFideId "9310711"]
[EventDate "2014.12.19"]

1. d4 Nf6 2. c4 e6 3. Nc3 Bb4 4. Qc2 b6 5. e4 Bxc3+ 6. bxc3 Bb7 7. Bd3 O-O 8.
Ne2 d6 9. O-O h6 10. f4 d5 11. cxd5 exd5 12. e5 Ne4 13. Rf3 f5 14. Ng3 Qh4 15.
Nxe4 dxe4 16. Bc4+ Kh8 17. Rg3 Nd7 18. Ba3 c5 19. Bb5 Rfd8 20. Bxd7 Rxd7 21.
dxc5 bxc5 22. Qf2 c4 23. Bd6 Qd8 24. Qd4 Qg8 25. Rh3 Rdd8 26. Rh5 Qf7 27. Rh3
Rg8 28. Rxh6+ gxh6 29. e6+ Qg7 30. Be5 e3 31. Bxg7+ Rxg7 32. g3 e2 33. Re1 Bf3
34. Qxc4 Rd8 35. Kf2 Bg4 36. Rxe2 Bxe2 37. Qxe2 Re7 38. Qe5+ Kg8 39. Kf1 Rde8
40. Qxf5 Rxe6 41. Qd5 Kg7 42. Qd4+ Kf8 43. Qc5+ Kg7 44. Qxa7+ Kg6 45. Qf2 Kf5
46. Qc5+ Kg4 47. h3+ Kxg3 48. Qf2+ Kxh3 49. Qf3+ Kh4 50. Kf2 Rg8 51. Qh1+ Kg4
52. Qg2+ Kxf4 53. Qxg8 Ra6 54. Qc4+ Kg5 55. Qxa6 h5 56. c4 h4 57. c5 h3 58. Kg3
h2 59. Kxh2 1-0